00460nam a2200121 4500245008600000100001900086260006000105300001800165490001800183082001700201952010500218999001500323 aMay we borrow your husband ? and other comedies of the sexual lifecGraham Greene aGreene, Graham aHarmondsworth,EngbPenguin Booksc1969 [reprinted 1973] a141p.; 18cm.- aPenguin books a823.912bGRE 001040708ENGLaNEHUbNEHUd2011-11-18l0o823.912 GREpA1083r2011-11-18 00:00:00w2011-11-18yBK c1755d1755